|
|
|
|
| LEADER |
00000nab a2200000ua 4500 |
| 001 |
vtls010825586 |
| 003 |
SK-MaSNL |
| 005 |
20260303164009.0 |
| 008 |
230127s2013 xo |||||||||||||||||slo| |
| 035 |
|
|
|a (urnnbn)urn:nbn:sk:snk:ar-a066s4
|
| 035 |
|
|
|a urn:nbn:sk:snk-ab5ru8
|
| 035 |
|
|
|a (uuid)4ac0c266-6920-4052-95e3-0d85be462000
|
| 040 |
|
|
|a SNKBUCL
|b slo
|c SNKBUCL
|e AACR2
|
| 041 |
0 |
|
|a slo
|
| 044 |
|
|
|a xo
|c SK
|
| 100 |
1 |
|
|a Königová, Alžbeta,
|d 1973-
|4 aut
|9 222260
|
| 245 |
1 |
0 |
|a XIV. PREŠOVSKÝ PEDIATRICKÝ DEŇ
|b 6. december 2012, Prešov
|c A. Königová, E. Bálintová, K. Furková, L. Kovács, Ľ. Podracká, M. Kuchta, M. Šašinka, O Červeňová, Štefan Benko, T. Žikavská
|
| 700 |
1 |
|
|a Bálintová, E.
|4 aut
|9 855408
|
| 700 |
1 |
|
|a Furková, Katarína,
|d 1948-
|4 aut
|9 183191
|
| 700 |
1 |
|
|a Kovács, L.
|4 aut
|9 775598
|
| 700 |
1 |
|
|a Podracká, Ľudmila,
|d 1955-
|4 aut
|9 9758
|
| 700 |
1 |
|
|a Kuchta, M.
|4 aut
|9 269323
|
| 700 |
1 |
|
|a Šašinka, Miroslav,
|d 1935-2019
|4 aut
|9 196959
|
| 700 |
1 |
|
|a Červeňová, O
|4 aut
|9 840382
|
| 700 |
1 |
|
|a Benko, Štefan
|4 aut
|9 326762
|
| 700 |
1 |
|
|a Žikavská, T.
|4 aut
|9 1142066
|
| 773 |
0 |
|
|t Pediatria
|g Roč. 8, č. 1 (2013), s. 38-53
|
| 954 |
|
|
|a odborná, vedecká literatúra pôvodná (slovenská)
|2 lita
|
| 958 |
|
|
|a OND
|
| 958 |
|
|
|a EUIPO
|
| 958 |
|
|
|a article5
|
| 999 |
|
|
|c 2062671
|d 2064601
|